00434nam a2200157 a 450000500170000000800410001702000180005805000250007610000200010124500220012126000380014330000080018144000300018950000280021965000290024720140414132121.0120906s19uu xx 00 eng d a9789814070508 aTR 372.6bAl416 2008 aAllen, Rosemary aGrammar skills 4. aSingapore :bLearners Pub,c2008. a100 aEnglish Language workshop aoriginal copyright 2001 aGrammar-parts of speech.